| 000 | 01025nam a2200193 a 4500 | ||
|---|---|---|---|
| 001 | 000034144 | ||
| 005 | 20200930070819.0 | ||
| 008 | 110926s1793 es 000 0 spa d | ||
| 040 |
_aDO-SdBNP _bspa _cBNPHU |
||
| 100 | 1 |
_aBoada de las Costas y Figueras, Pedro _959564 |
|
| 245 | 1 | 0 |
_aAdiciones y repertorio general de la practica universal forense de los Tribunales Superiores e Inferiores de España e Indias : _bun tratado individual de los seis juicios, civil, ordinario, executivo, criminal, eclesiastico, extraordinario ex-abrupto y del de contrabando : un índice de las reales cédulas y decretos pontificios contenidos en los apendices del septimo y octavo tomo y de las colocadas al fin de esta obra / _csu autor doctor Pedro Boada de las Costas y Figueras. |
| 260 |
_aMadrid : _bpor Ramon Ruiz, _c1793. |
||
| 300 |
_av. ; _c21 cm. |
||
| 500 | _aLa biblioteca posee el v. 1-2 | ||
| 500 | _aIncluyen índice | ||
| 500 | _aTexto en dos columnas | ||
| 700 | 1 |
_aElizondo, Francisco Antonio de. _959095 |
|
| 049 | _aBNPD | ||
| 999 |
_c33635 _d33635 |
||